FIFA 23 Heroes - Statistics

General Stats
  • This quiz has been taken 463 times
  • The average score is 31 of 40
Answer Stats
League Nationality Position Rating Answer % Correct
Serie A Brazil CB 89 Lucio
92%
Premier League Nigeria CAM 88 Jay-Jay Okocha
91%
La Liga Uruguay ST 88 Diego Forlan
90%
Premier League Ivory Coast CDM 87 Yaya Toure
89%
Ligue 1 France LM 89 David Ginola
86%
Serie A Japan CAM 87 Hidetoshi Nakata
86%
La Liga Argentina CB 88 Javier Mascherano
84%
MLS USA CF 86 Landon Donovan
84%
Ligue 1 France ST 89 Jean-Pierre Papin
83%
Premier League South Korea LM 86 Ji-Sung Park
83%
La Liga Mexico CB 88 Rafael Marquez
83%
Premier League Australia LW 87 Harry Kewell
81%
Ligue 1 Ghana CAM 89 Abedi Pele
80%
Premier League Poland GK 86 Jerzy Dudek
79%
Liga Portugal Portugal CB 88 Ricardo Carvalho
79%
Bundesliga Germany ST 89 Rudi Voller
79%
Serie A Italy CM 87 Claudio Marchisio
77%
Premier League Ireland ST 86 Robbie Keane
77%
La Liga Spain LB 86 Joan Capdevila
76%
MLS Mexico GK 87 Jorge Campos
76%
Saudi Pro League Saudi Arabia RW 85 Saeed Al-Owairan
76%
Serie A Colombia CB 87 Ivan Cordoba
75%
Premier League England RW 87 Joe Cole
74%
Bundesliga Germany CB 89 Jurgen Kohler
74%
Premier League England ST 85 Peter Crouch
74%
Serie A Sweden ST 87 Tomas Brolin
74%
Bundesliga Poland ST 86 Wlodzimierz Smolarek
74%
La Liga Spain ST 89 Fernando Morientes
73%
MLS USA CAM 85 Clint Dempsey
72%
Eredivisie Netherlands CAM 86 Dirk Kuyt
72%
Premier League Australia ST 85 Tim Cahill
72%
Saudi Pro League Saudi Arabia ST 86 Sami Al-Jaber
71%
Ligue 1 France ST 86 Sidney Govou
71%
Bundesliga Germany ST 88 Mario Gomez
70%
Bundesliga Germany CAM 85 Lars Ricken
69%
Premier League Norway ST 86 Ole Gunnar Solskjaer
68%
Serie A Italy ST 88 Antonio Di Natale
67%
Serie A Argentina ST 88 Diego Milito
66%
Premier League Sweden LM 86 Freddie Ljungberg
66%
La Liga Russia CAM 86 Aleksandr Mostovoi
63%
No matching quizzes found
Score Distribution
Percent of People with Each Score
Percentile by Number Answered
Your Score History
You have not taken this quiz